00729nam a2200229Ia 4500003000900000008004100009040001300050040001300063041000800076100002100084245008900105250001000194260001200204260000900216300001100225300001000236490002500246490000600271942000700277999001700284952019800301IT-RoPAU120407s9999 xx 000 0 und d aIT-RoPAU cIT-RoPAU aita aJacopone da Todi aLe laude secondo la stampa fiorentina del 1490. A cura di Giovanni Ferri. 2a ed. aBari  aLaterza c1930 a321 p. c21 cm aScrittori d’Italia v1 cBK c32536d32536 00102ddc406850_10000000000000071aPAULUSbPAULUSd2012-04-11l0o850.1r2012-04-11 00:00:00w2012-04-11yBKzInserito da: LUCIA In data: 02 settembre 2011 fondo: Via A.Severo 56 Progr:23279